LEADER 01961nam 2200349 450 001 9910688580803321 005 20230702113749.0 010 $a3-03842-295-9 035 $a(CKB)5400000000000195 035 $a(NjHacI)995400000000000195 035 $a(EXLCZ)995400000000000195 100 $a20230702d2016 uy 0 101 0 $aeng 135 $aur||||||||||| 181 $ctxt$2rdacontent 182 $cc$2rdamedia 183 $acr$2rdacarrier 200 00$aAdolescent Pregnancy $ePast, Present and Future Trends and Issues /$fedited by Naomi Farber 210 1$aBasel :$cMDPI - Multidisciplinary Digital Publishing Institute,$d2016. 215 $a1 online resource (ix, 153 pages) 330 $aAnnotation This collection provides a forum for leading scholars to examine theoretical insights and empirical findings associated with the recent decline in adolescent pregnancy and childbearing internationally, with special attention given to the United States. This recent shift in the incidence of adolescent fertility is notable in its consistency and magnitude; at the same time, however, continuing historic disparities require focused attention on the contemporary meaning of early childbearing in the U.S. as well as across the globe. The widely interdisciplinary contributions focus on demographic trends in adolescent fertility; successful intervention approaches and major "lessons learned" regarding primary pregnancy prevention; identification of key theoretical issues associated with these trends, with particular focus on the existence and meaning of disparities and their implications for youth development and wellbeing. 517 $aAdolescent Pregnancy 606 $aTeenage pregnancy 615 0$aTeenage pregnancy. 676 $a306.8743 702 $aFarber$b Naomi 801 0$bNjHacI 801 1$bNjHacl 906 $aBOOK 912 $a9910688580803321 996 $aAdolescent Pregnancy$93086096 997 $aUNINA LEADER 03067nam 2200613 450 001 9910828841003321 005 20180613001237.0 010 $a0-8218-7879-4 035 $a(CKB)3240000000069815 035 $a(EBL)3113081 035 $a(SSID)ssj0000712594 035 $a(PQKBManifestationID)11406709 035 $a(PQKBTitleCode)TC0000712594 035 $a(PQKBWorkID)10645909 035 $a(PQKB)10205357 035 $a(MiAaPQ)EBC3113081 035 $a(WaSeSS)Ind00039585 035 $a(RPAM)12539656 035 $a(PPN)197106161 035 $a(EXLCZ)993240000000069815 100 $a20010920h20012001 uy| 0 101 0 $aeng 135 $aur|n|---||||| 181 $ctxt 182 $cc 183 $acr 200 10$aSecond Summer School in Analysis and Mathematical Physics $etopics in analysis : harmonic, complex, nonlinear, and quantization : Second Summer School in Analysis and Mathematical Physics, Cuernavaca Morelos, Mexico, June 12-22, 2000 /$fSalvador Pe?rez-Esteva, Carlos Villegas-Blas, editors 210 1$aProvidence, Rhode Island :$cAmerican Mathematical Society,$d[2001] 210 4$dİ2001 215 $a1 online resource (288 p.) 225 1 $aContemporary mathematics,$x0271-4132 ;$v289 300 $aDescription based upon print version of record. 311 $a0-8218-2708-1 320 $aIncludes bibliographical references. 327 $a""5. Toeplitz Operators with Commutative Symbol Algebras""""6. Toeplitz Operators on the Unit Disk with Radial Symbols""; ""7. Commutative Toeplitz Operator Algebras and Hyperbolic Geometry""; ""References""; ""Chapter IV: Pseudo-differential operators and quantization""; ""1. Classical and Quantum Mechanics""; ""2. Pseudo-Differential Operators in Rn""; ""3. Canonical Transformations""; ""4. Pseudo-Differential Operators in the general theory of Partial Differential Equations""; ""Chapter V: Quantum chaos: A brief first visit""; ""Chapter VI: Variational methods in nonlinear analysis"" 327 $a""Chapter VII: A globalization of the implicit function theorem with applications to nonlinear elliptic equations""""1. Introduction""; ""2. Implicit Function Theorems""; ""3. Degree Theory""; ""4. Globalization of the Implicit Function Theorem""; ""5. k-Hessian Equations""; ""References"" 410 0$aContemporary mathematics (American Mathematical Society) ;$v289. 517 3 $aTopics in analysis--harmonic, complex, nonlinear, and quantization 606 $aMathematical analysis$vCongresses 606 $aGeometric quantization$vCongresses 606 $aMathematical physics$vCongresses 615 0$aMathematical analysis 615 0$aGeometric quantization 615 0$aMathematical physics 676 $a530.15/5 702 $aPe?rez-Esteva$b Salvador$f1955- 702 $aVillegas-Blas$b Carlos$f1964- 801 0$bMiAaPQ 801 1$bMiAaPQ 801 2$bMiAaPQ 906 $aBOOK 912 $a9910828841003321 996 $aSecond Summer School in Analysis and Mathematical Physics$93980154 997 $aUNINA